Statistics for SAT Words HARD Click Quiz - I #4

Click here to take the quiz!

General Stats

  • This quiz has been taken 71 times
  • The average score is 11 of 15

Answer Stats

HintAnswer% Correct
Having luminous colours that change when seen from different anglesIridescent
93%
Narrow strip of land that connects two larger landmassesIsthmus
91%
Two-syllable metrical foot with an unstressed followed by a stressed syllableIamb
84%
Arrogantly domineering or overbearingImperious
80%
Period between successive governments or regimesInterregnum
80%
Instill by persistent, repetitive instructionInculcate
76%
Unable to be appeased or satisfiedImplacable
73%
Unwilling to change one's views; uncompromisingIntransigent
71%
Existing within or inherent to somethingImmanent
69%
Having little or no moneyImpecunious
69%
A recurring beat or musical accent; or, a sudden attack or seizureIctus
67%
A conclusion drawn from evidence or reasoning; an inferenceIllation
64%
Grossly unfair and morally wrongIniquitous
53%
Producing the same result regardless of how many times applied, particularly with mathIdempotent
51%
Likely to arouse or incur resentment in others; obnoxiousInvidious
51%

Score Distribution

Percentile by Number Answered

Percent of People with Each Score

Your Score History

You have not taken this quiz